| 000 | 00758nam a2200181 i 4500 | ||
|---|---|---|---|
| 001 | 113814 | ||
| 003 | ES-MaACL | ||
| 005 | 20250603181633.0 | ||
| 007 | t| | ||
| 008 | 061121s1933 sp |||| | spa d | ||
| 245 | 0 | 0 |
_aNomenclátor de las ciudades, villas, lugares, aldeas y demás entidades de población de España / _cformado por la Dirección General del Instituto Geográfico, Catastral y de Estadística, en referencia al 31 de diciembre de 1930. |
| 260 |
_aMadrid : _b[s.n.], _c1933 ( _fTalleres del Instituto Geográfico) |
||
| 300 |
_a4 v. ; _c33 cm. |
||
| 651 | 7 |
_aEspaña- _xNomencladores _2 _9165997 |
|
| 710 | 0 |
_aInstituto Geográfico, Catastral y de Estadística (España) _95072 |
|
| 852 |
_aES-MaACL _jF-15365-68 |
||
| 999 |
_c113814 _d113814 |
||